000
00220nam a2200097Ia 4500
008
230907s9999||||xx |||||||||||||| ||und||
082
_a
333.914
_b
FOR
245
0
_a
Hydropower economics /
300
_a
326 p.
942
_c
BK
999
_c
598454
_d
598454